000 00393nam a2200157Ia 4500
005 20250316151812.0
008 240331s9999 xx 000 0 und d
020 _a9559429744
082 _bKAI
_a894
100 _aKailasapathy, K
245 0 _aNavalar patti kailasapathy
260 _aChennai
_bKumaran Book House
_c2005
300 _a115 p .,
500 _aA book about Navalar
942 _cL
999 _c4033
_d4033